000 00770nai a22001937a 4500
003 OSt
005 20170321091520.0
008 170209b xxu||||| |||| 00| 0 eng d
040 _aBMC
_cBMC
082 _a909
245 0 3 _aLa aventura de la historia
_b: septiembre
_cJavier Villalba, editor
260 _aMadrid
_bGrupo Unidad
_c2000
300 _a114 p.
_c28 cm
_e+ 1 h. pleg.
490 _aLa aventura de la historia
_v23, año 2
505 _aContiene: Gladiador, la muerte como espectáculo.- Alhucemas.- El precio de la púrpura.- cine histórico y cultura histórica.- La historia en el espejo del cine.- El oro de Luis XVIII.- El autómata de Torres Quevedo.-
650 2 4 _91258
_aHistoria universal
700 1 _920715
_aVillalba, Javier‏
942 _2ddc
_cPR
999 _c27136
_d27136